00226nam a22000977a 4500003000400000082001600004100001700020245004600037260003700083300000800120SGT a617.3bO99N aNATARAJAN ,M aTEXTBOOK OF ORTHOPAEDICS AND TRAUMATOLOGY aCHENNAIbMN ORTHO HOSPITALc1999 a328